LEADER 01115nam--2200361---4500 001 990000917490203316 005 20050216102733.0 035 $a0091749 035 $aUSA010091749 035 $a(ALEPH)000091749USA01 035 $a0091749 100 $a20020128d1998----km-y0ENGy0103----ba 101 $aita 102 $aIT 200 1 $aCome il Meridione divenne una Questione$erappresentazioni del Sud prima e dopo il Quarantotto$fMarta Petrusewicz 210 $aSoveria Mannelli$cRubbettino$d1998 215 $a174 p.$d22 cm 225 2 $aSaggi$v39 410 $12001$aSaggi$v39 606 $aQuestione meridionale 676 $a945.7084 700 1$aPETRUSEWICZ$bMarta$0139868 801 0$aIT$bsalbc$gISBD 912 $a990000917490203316 951 $aII.5. 1019(VARIE COLL.1105/4)$b139633 LM$cVARIE COLL. 959 $aBK 969 $aUMA 979 $aPATTY$b90$c20020128$lUSA01$h1741 979 $c20020403$lUSA01$h1735 979 $aPATRY$b90$c20040406$lUSA01$h1703 979 $aCOPAT3$b90$c20050216$lUSA01$h1027 996 $aCome il meridione divenne una questione$9476831 997 $aUNISA LEADER 03393nam 2200721 a 450 001 9910791351603321 005 20230725015534.0 010 $a0-511-84806-4 010 $a1-107-20820-3 010 $a1-282-63730-4 010 $a9786612637308 010 $a0-511-76914-8 010 $a0-511-76998-9 010 $a0-511-76691-2 010 $a0-511-76552-5 010 $a0-511-76830-3 035 $a(CKB)2560000000011922 035 $a(EBL)542807 035 $a(OCoLC)645097785 035 $a(SSID)ssj0000420077 035 $a(PQKBManifestationID)11288551 035 $a(PQKBTitleCode)TC0000420077 035 $a(PQKBWorkID)10392349 035 $a(PQKB)10999446 035 $a(UkCbUP)CR9780511770722 035 $a(MiAaPQ)EBC542807 035 $a(Au-PeEL)EBL542807 035 $a(CaPaEBR)ebr10397324 035 $a(CaONFJC)MIL263730 035 $a(EXLCZ)992560000000011922 100 $a20100416d2010 uy 0 101 0 $aeng 135 $aur|n|---||||| 181 $ctxt 182 $cc 183 $acr 200 00$aHuman rights and climate change$b[electronic resource] /$fedited by Stephen Humphreys ; with a foreword by Mary Robinson 210 $aCambridge ;$aNew York $cCambridge University Press$dc2010 215 $a1 online resource (370 p.) 300 $aDescription based upon print version of record. 311 $a0-511-77072-3 311 $a0-521-76276-6 320 $aIncludes bibliographical references and index. 327 $gIntroduction:$tHuman rights and climate change /$rStephen Humphreys --$tCompeting claims : human rights and climate harms /$rStephen Humphreys --$tClimate change, human rights and moral thresholds /$rSimon Caney --$tEquitable utilization of the atmosphere : a rights-based approach to climate change? /$rDinah Shelton --$tClimate change, human rights and corporate accountability /$rPeter Newell --$tRethinking human rights : the impact of climate change on the dominant discourse /$rSam Adelman --$tThe Kyoto Protocol and vulnerability : human rights and equity dimensions /$rPhilippe Cullet --$tForests, climate change and human rights : managing risks and trade-offs /$rFrances Seymour --$tClimate change and the right to the highest attainable standard of health /$rPaul Hunt and Rajat Khosla --$tHuman rights and vulnerability to climate change /$rJon Barnett --$tClimate change, evolution of disasters and inequality /$rJohn C. Mutter and Kye Mesa Barnard --$tConceiving justice : articulating common causes in distinct regimes /$rStephen Humphreys. 330 $aThis inquiry into the human rights dimensions of climate change identifies future perspectives, concerns and dilemmas for law and policy. 606 $aHuman rights 606 $aClimatic changes$xLaw and legislation 606 $aGlobal warming$xLaw and legislation 606 $aClimatic changes$xPolitical aspects$zDeveloping countries 615 0$aHuman rights. 615 0$aClimatic changes$xLaw and legislation. 615 0$aGlobal warming$xLaw and legislation. 615 0$aClimatic changes$xPolitical aspects 676 $a341.48 686 $a86.81$2bcl 701 $aHumphreys$b Stephen$0511158 801 0$bMiAaPQ 801 1$bMiAaPQ 801 2$bMiAaPQ 906 $aBOOK 912 $a9910791351603321 996 $aHuman rights and climate change$93862609 997 $aUNINA LEADER 01502nas 2200469-a 450 001 9910143944103321 005 20260218111208.0 035 $a(DE-599)ZDB2505833-2 035 $a(CKB)991042724358830 035 $a(CONSER)---58020575- 035 $a(DcWaBHL)53882 035 $a(DE-599)2505833-2 035 $a(EXLCZ)99991042724358830 100 $a20750501b19501977 --- a 101 0 $aeng 181 $ctxt$2rdacontent 182 $cc$2rdamedia 183 $acr$2rdacarrier 200 00$aBulletin of the British Museum (Natural History)$iEntomology 210 $aLondon $cThe Museum$d1950-1977 215 $a1 online resource 300 $aSome issues have also a distinctive title. 311 08$aPrint version: Bulletin of the British Museum (Natural History). 0524-6431 (DLC) 58020575 (OCoLC)1308526 517 3 $aEntomology 531 $aBULL. BR. MUS. NAT. HIST. ENT 531 0 $aBull. Br. Mus. Nat. Hist., Entomol. ser. 606 $aEntomology$vPeriodicals 606 $aentomology 606 $aEntomologie$vPériodiques 606 $aEntomology$2fast$3(OCoLC)fst00912735 608 $aPeriodicals.$2fast 615 0$aEntomology 615 3$aentomology. 615 6$aEntomologie 615 7$aEntomology. 676 $a595.705 712 02$aBritish Museum (Natural History) 906 $aJOURNAL 912 $a9910143944103321 920 $aexl_impl conversion 996 $aBulletin of the British Museum (Natural History)$92027913 997 $aUNINA